First line of Imagine Dragons songs - Statistics

General Stats
  • This quiz has been taken 19 times
  • The average score is 16 of 30
Answer Stats
First line Song % Correct
First things first Believer
100%
When the days are cold and the cards all fold Demons
89%
I'm waking up to ash and dust Radioactive
78%
Gimme, gimme, gimme some time to think Bones
72%
I could do this with my eyes closed Eyes Closed
72%
So this is what you meant It's Time
72%
As a child, you would wait and watch from far away Warriors
72%
Falling too fast to prepare for this Whatever It Takes
72%
Trouble. Blood is in the rocky waters Sharks
67%
Two hearts, one valve Birds
61%
Look out for yourself Enemy
61%
You know I got your number, number all night Follow You
61%
Oh, hush, my dear, it's been a difficult year Bad Liar
56%
First comes a blessing of all that you've dreamed Gold
56%
Will you hold the line Natural
56%
I know I took the path that you would never want for me I Bet My Life
50%
All my life been sittin' at the table Machine
50%
Something about the way that you walked into my living room Next to Me
50%
I'm sorry for everything, oh, everything I've done Shots
50%
People-pleasin' planet Take Me to the Beach
50%
Days pass by, and my eyes, they dry, and I think that I'm okay Wrecked
50%
Try, try to hear my voice Hear Me
44%
If you love somebody On Top of the World
44%
I find it hard to say the things I want to say the most Zero
44%
When you're down on your luck Monday
33%
One day, I'll change my ways I Don't Like Myself
28%
I've been waiting patiently Cutthroat
22%
There she goes in front of me Not Today
17%
I suppose, she's supposed to be Crushed
11%
Just one more time Battle Cry
6%
No matching quizzes found
Score Distribution
Percent of People with Each Score
Percentile by Number Answered
Your Score History
You have not taken this quiz